Filosofía formación ética y ciudadana I : Teorías sobre la justicia /

Guardado en:
Autor Principal: Schujman, Gustavo
Otros Autores: Herszkowich, Erica
Formato: Libro
Idioma:Spanish
Publicado: Buenos Aires : Aique, 1999
Edición:2ª ed.
Materias:
Etiquetas: Agregar Etiqueta
Sin Etiquetas, Sea el primero en etiquetar este registro!
LEADER 00773nam a22002055a 4500
001 DER.der000813
008 180615s1999####ag#||||||||||||||#||spa||
005 20250210125456.0
245 1 0 |a Filosofía formación ética y ciudadana I :  |b Teorías sobre la justicia /  |c Gustavo Schujman , Erica Herszkowich 
250 |a 2ª ed. 
260 |a Buenos Aires :  |b Aique,  |c 1999 
300 |a 32 p.  |b il. 
500 |a El texto viene acompañado por el texto Filosofía formación ética y ciudadana I. Teorías sobre la justicia. 
020 |a 950701524X 
100 1 |a Schujman, Gustavo 
700 1 |a Herszkowich, Erica 
653 |a FORMACION ETICA Y CIUDADANA 
653 |a EDUCACION EN LA DIVERSIDAD 
653 |a CONSTITUCION NACIONAL 
859 |a DERECHO  |b BIB. DERECHO  |h 303.38  |i SCH  |k 1.00  |p 001425